| 000 -LEADER |
| fixed length control field |
00873nam a22002057a 4500 |
| 005 - DATE AND TIME OF LATEST TRANSACTION |
| control field |
20220114113747.0 |
| 008 - FIXED-LENGTH DATA ELEMENTS--GENERAL INFORMATION |
| fixed length control field |
220114s1985 enk||||| |||| 00| 0 eng d |
| 020 ## - INTERNATIONAL STANDARD BOOK NUMBER |
| International Standard Book Number |
9780070367043 |
| 041 ## - LANGUAGE CODE |
| Language code of text/sound track or separate title |
eng |
| 080 ## - UNIVERSAL DECIMAL CLASSIFICATION NUMBER |
| Universal Decimal Classification number |
821.111(092) L-41 |
| 100 ## - MAIN ENTRY--PERSONAL NAME |
| Personal name |
Lawrence, Karen |
| 9 (RLIN) |
13375 |
| 245 ## - TITLE STATEMENT |
| Title |
The McGraw-Hill Guide to English Literature |
| Remainder of title |
Volume 1. Beowulf to Jane Austen |
| Statement of responsibility, etc. |
Karen Lawrence, Seifter Betsy, Ratner Lois. |
| 264 ## - PRODUCTION, PUBLICATION, DISTRIBUTION, MANUFACTURE, AND COPYRIGHT NOTICE |
| Place of production, publication, distribution, manufacture |
New Year : |
| Name of producer, publisher, distributor, manufacturer |
McGraw-Hill Publishing Company, |
| Date of production, publication, distribution, manufacture, or copyright notice |
1985. |
| 300 ## - PHYSICAL DESCRIPTION |
| Extent |
499 p. |
| Other physical details |
21 cm. |
| 653 ## - INDEX TERM--UNCONTROLLED |
| keyword |
McGraw-Hill ინგლისური ლიტერატურის გზამკვლევი |
| 653 ## - INDEX TERM--UNCONTROLLED |
| keyword |
Путеводитель Макгроу-Хилла по английской литературе |
| 700 ## - ADDED ENTRY--PERSONAL NAME |
| Personal name |
Seifter, Betsy |
| Relator term |
ავტორი |
| 9 (RLIN) |
13377 |
| 700 ## - ADDED ENTRY--PERSONAL NAME |
| Personal name |
Ratner, Lois |
| Relator term |
ავტორი |
| 9 (RLIN) |
13378 |
| 942 ## - ADDED ENTRY ELEMENTS (KOHA) |
| Source of classification or shelving scheme |
|
| Koha item type |
წიგნი |